Hacienda,comunidad y campesinado en el Perú
Uloženo v:
| Hlavní autor: | |
|---|---|
| Médium: | Kniha |
| Jazyk: | španělština |
| Vydáno: |
Lima
Instituto de Estudios Peruanos
1976
|
| Edice: | Perú Problema, 3
|
| Témata: | |
| Tagy: |
Přidat tag
Žádné tagy, Buďte první, kdo vytvoří štítek k tomuto záznamu!
|
MARC
| LEADER | 00000nam a2200000 a 4500 | ||
|---|---|---|---|
| 001 | UCO3230 | ||
| 003 | CL-VaPUC | ||
| 008 | 000714e19760000PE |||||||||||||||||spa|d | ||
| 082 | 0 | 4 | |a 307.72 |b MAT |2 21 |
| 100 | |a Matos Mar, José |e autor |9 447248 | ||
| 245 | 1 | 0 | |a Hacienda,comunidad y campesinado en el Perú |
| 300 | |a 390 p | ||
| 942 | |c BK | ||
| 945 | |d 20000714 00:00:00 |a rherrera | ||
| 260 | |a Lima |b Instituto de Estudios Peruanos |c 1976 | ||
| 650 | 0 | |a Historia de Perú |9 316239 | |
| 650 | 0 | |a Campesinado |9 440815 | |
| 650 | 7 | |a HACIENDAS |2 CL-VaPUC |9 370067 | |
| 651 | 0 | |a Perú |9 256567 | |
| 583 | |a last modification |c 20000714 00:00:00 |k Rodrigo Vera | ||
| 490 | 0 | |a Perú Problema, 3 | |
| 999 | |c 289698 |d 289696 | ||
| 952 | |0 0 |1 0 |4 0 |6 307_720000000000000_MAT_1976 |7 0 |8 A |9 338297 |a BIBHIS |b BIBHIS |d 2019-11-20 |i 1298828 |o 307.72 MAT 1976 |p 1298828 |r 2025-01-20 |w 2019-11-20 |y BK |k HIS | ||